[Event "SVK-ch Amateurs"]
[Site "Liptovsky Jan"]
[Date "2023.06.18"]
[Round "8"]
[White "Mikova, Miriam"]
[Black "Profant, Tibor"]
[Result "1/2-1/2"]
[WhiteElo "1728"]
[BlackElo "2167"]
[PlyCount "66"]
[EventDate "2023.06.15"]
[EventType "swiss"]
[EventRounds "8"]
[EventCountry "SVK"]
[SourceTitle "CBM 214 Extra"]
[Source "ChessBase"]
[SourceDate "2023.07.31"]
[SourceVersion "1"]
[SourceVersionDate "2023.07.31"]
[SourceQuality "1"]

1. Nf3 d6 2. d4 f5 3. c4 Nf6 4. Nc3 g6 5. e3 Bg7 6. Be2 0-0 7. 0-0 Qe8 8. Qc2 c6 9. b4 e5 10. dxe5 dxe5 11. Bb2 Nbd7 12. Rfd1 e4 13. Nd4 Qe7 14. a3 Ne5 15. h3 g5 16. Bf1 g4 17. g3 gxh3 18. Nce2 Nfg4 19. Nf4 h2+ 20. Kh1 b6 21. c5 bxc5 22. bxc5 a5 23. Rd2 Rb8 24. Rc1 Qe8 25. Qa4 Nf3 26. Nxf3 Bxb2 27. Rb1 exf3 28. Rbxb2 Rxb2 29. Rxb2 Qe5 30. Qc2 Kg7 31. Nd3 Qf6 32. Nf4 Qe5 33. Nd3 Qf6 1/2-1/2

[Event "SVK-ch Amateurs"]
[Site "Liptovsky Jan"]
[Date "2023.06.15"]
[Round "2"]
[White "Mikova, Miriam"]
[Black "Lukac, Roman"]
[Result "0-1"]
[WhiteElo "1728"]
[BlackElo "1997"]
[PlyCount "88"]
[EventDate "2023.06.15"]
[EventType "swiss"]
[EventRounds "8"]
[EventCountry "SVK"]
[SourceTitle "CBM 214 Extra"]
[Source "ChessBase"]
[SourceDate "2023.07.31"]
[SourceVersion "1"]
[SourceVersionDate "2023.07.31"]
[SourceQuality "1"]

1. d4 Nf6 2. c4 c5 3. d5 e6 4. Nc3 exd5 5. cxd5 d6 6. Nf3 g6 7. Nd2 Nbd7 8. e4 a6 9. a4 Bg7 10. Be2 0-0 11. 0-0 b6 12. Qc2 Bb7 13. b3 Qc7 14. Bb2 Rae8 15. Rfe1 Re7 16. Bf1 Qd8 17. g3 Ng4 18. h3 Nh6 19. Re2 f5 20. Rae1 f4 21. Nc4 Ne5 22. Nxe5 Bxe5 23. Bc1 g5 24. f3 Rg7 25. g4 Nf7 26. Rh2 h5 27. Ne2 Rh7 28. Bb2 Qf6 29. Bxe5 Nxe5 30. Bg2 Kg7 31. Nc1 Rfh8 32. Rh1 hxg4 33. hxg4 Rxh1+ 34. Bxh1 Qh6 35. Bg2 Qh2+ 36. Kf2 Qg3+ 37. Kf1 a5 38. Qe2 Ra8 39. Rd1 Ba6 40. Nd3 Rh8 41. Kg1 Rh2 42. Qf2 Nxd3 43. Qxg3 fxg3 44. Bf1 Nf2 0-1

[Event "SVK-ch U18 Girls"]
[Site "Dudince"]
[Date "2023.04.19"]
[Round "5"]
[White "Striskova, Lucia"]
[Black "Mikova, Miriam"]
[Result "1-0"]
[WhiteElo "2020"]
[BlackElo "1835"]
[PlyCount "121"]
[EventDate "2023.04.16"]
[EventType "swiss"]
[EventRounds "9"]
[EventCountry "SVK"]
[SourceTitle "CBM 213 Extra"]
[Source "ChessBase"]
[SourceDate "2023.05.31"]
[SourceVersion "1"]
[SourceVersionDate "2023.05.31"]
[SourceQuality "1"]

1. d4 Nf6 2. c4 e6 3. Nf3 Bb4+ 4. Bd2 Bxd2+ 5. Qxd2 b6 6. Nc3 Bb7 7. g3 0-0 8. Bg2 Ne4 9. Qd3 Nxc3 10. Qxc3 d6 11. 0-0 Nd7 12. Nd2 Bxg2 13. Kxg2 f5 14. b4 a5 15. a3 Qf6 16. Rfc1 axb4 17. axb4 e5 18. dxe5 Qxe5 19. Qxe5 Nxe5 20. f4 Nd7 21. Nf3 g6 22. Nd4 Rxa1 23. Rxa1 Rc8 24. Ra7 Nf8 25. Nb5 Ne6 26. Kf3 Kf8 27. e4 fxe4+ 28. Kxe4 Ke8 29. Kd5 Ke7 30. Kc6 Nd8+ 31. Kd5 Ne6 32. Rb7 h6 33. Ra7 h5 34. h4 Kd7 35. Nxd6 Rf8 36. Nb5 Rf5+ 37. Ke4 Rf8 38. Nc3 Kd6 39. Nb5+ Kd7 40. Ra3 Kc6 41. Nd4+ Nxd4 42. Kxd4 Re8 43. Rf3 Kd6 44. c5+ Kc6 45. cxb6 cxb6 46. f5 Rf8 47. Ke5 gxf5 48. Rxf5 Rxf5+ 49. Kxf5 Kb5 50. g4 hxg4 51. Kxg4 Kxb4 52. h5 Ka3 53. h6 b5 54. h7 b4 55. h8Q Ka2 56. Qa8+ Kb2 57. Kf3 b3 58. Ke3 Kb1 59. Kd3 b2 60. Kc3 Kc1 61. Qh1# 1-0

[Event "SVK-chT2C 2223"]
[Site "Slovakia"]
[Date "2023.03.26"]
[Round "11.7"]
[White "Kerdik, Adam"]
[Black "Mikova, Miriam"]
[Result "1/2-1/2"]
[WhiteElo "2036"]
[BlackElo "1600"]
[PlyCount "64"]
[EventDate "2022.10.08"]
[EventType "team-tourn"]
[EventRounds "11"]
[EventCountry "SVK"]
[SourceTitle "EXT 2024"]
[Source "ChessBase"]
[SourceDate "2023.10.10"]
[SourceVersion "1"]
[SourceVersionDate "2023.10.10"]
[SourceQuality "1"]
[WhiteTeam "Liptov Chess School III"]
[BlackTeam "Cadca Caissa II"]
[WhiteTeamCountry "SVK"]
[BlackTeamCountry "SVK"]

1. d4 Nf6 2. c4 e6 3. Nc3 Bb4 4. Qc2 0-0 5. Nf3 b6 6. e4 d6 7. Bg5 h6 8. Bh4 Bxc3+ 9. bxc3 Qe8 10. Bd3 Nfd7 11. 0-0 e5 12. Nd2 Nc6 13. Nb3 Bb7 14. Bg3 exd4 15. cxd4 Nb4 16. Qd2 Nxd3 17. Qxd3 Qxe4 18. Qxe4 Bxe4 19. Rfe1 Bf5 20. f3 Rfe8 21. Kf2 Kf8 22. c5 dxc5 23. dxc5 Nxc5 24. Nxc5 bxc5 25. Bxc7 c4 26. Bd6+ Kg8 27. Bb4 Bd3 28. g3 f6 29. Rxe8+ Rxe8 30. Re1 Rxe1 31. Kxe1 Kf7 32. Kd2 f5 1/2-1/2

[Event "SVK-chT2C 2223"]
[Site "Slovakia"]
[Date "2023.02.11"]
[Round "8.8"]
[White "Topolovsky, Vincent"]
[Black "Mikova, Miriam"]
[Result "1-0"]
[WhiteElo "1898"]
[BlackElo "1600"]
[PlyCount "81"]
[EventDate "2022.10.08"]
[EventType "team-tourn"]
[EventRounds "11"]
[EventCountry "SVK"]
[SourceTitle "EXT 2024"]
[Source "ChessBase"]
[SourceDate "2023.10.10"]
[SourceVersion "1"]
[SourceVersionDate "2023.10.10"]
[SourceQuality "1"]
[WhiteTeam "Banska Bystrica Kurta"]
[BlackTeam "Cadca Caissa II"]
[WhiteTeamCountry "SVK"]
[BlackTeamCountry "SVK"]

1. Nf3 Nf6 2. c4 e6 3. d4 d5 4. Nc3 Be7 5. Bf4 0-0 6. e3 c6 7. Qc2 Nbd7 8. h3 Qa5 9. Nd2 Re8 10. Bd3 h6 11. 0-0 Qd8 12. e4 dxe4 13. Ndxe4 Nxe4 14. Nxe4 Nf6 15. Rad1 b6 16. Qe2 Nh7 17. Bb1 Bf8 18. Qc2 g6 19. Qd2 h5 20. Qe3 Be7 21. Rfe1 Ba6 22. b3 Bb7 23. g4 h4 24. c5 Qd7 25. Be5 Red8 26. Qh6 Bf8 27. Qxh4 Be7 28. Qh6 Bf8 29. Qc1 Bg7 30. b4 Qe7 31. Bd6 Rxd6 32. Nxd6 b5 33. Qf4 Ng5 34. Kg2 Ba6 35. h4 Nh7 36. g5 Nf8 37. Ne4 Nd7 38. Nd6 Rf8 39. Qe4 Nb8 40. f4 Qd8 41. h5 1-0

[Event "SVK-chT2C 2223"]
[Site "Slovakia"]
[Date "2023.01.15"]
[Round "7.7"]
[White "Prielozny, Eduard"]
[Black "Mikova, Miriam"]
[Result "1-0"]
[WhiteElo "1918"]
[BlackElo "1600"]
[PlyCount "101"]
[EventDate "2022.10.08"]
[EventType "team-tourn"]
[EventRounds "11"]
[EventCountry "SVK"]
[SourceTitle "EXT 2024"]
[Source "ChessBase"]
[SourceDate "2023.10.10"]
[SourceVersion "1"]
[SourceVersionDate "2023.10.10"]
[SourceQuality "1"]
[WhiteTeam "Zilina Mladost IV"]
[BlackTeam "Cadca Caissa II"]
[WhiteTeamCountry "SVK"]
[BlackTeamCountry "SVK"]

1. d4 Nf6 2. Nf3 e6 3. Bf4 c5 4. c3 Be7 5. e3 b6 6. Be2 Bb7 7. dxc5 bxc5 8. Qb3 Qb6 9. Nbd2 d5 10. 0-0 0-0 11. Rfd1 Nc6 12. Ne5 Rfd8 13. Bf3 c4 14. Qxb6 axb6 15. Nxc6 Bxc6 16. Nxc4 dxc4 17. Rxd8+ Rxd8 18. Bxc6 h6 19. Kf1 Rd2 20. Rb1 Bc5 21. Ke1 Rd8 22. Rd1 Rxd1+ 23. Kxd1 Nd5 24. Bg3 Ne7 25. Bb5 Nf5 26. Ke2 Nd6 27. Bxd6 Bxd6 28. Bxc4 Kf8 29. h3 Ke7 30. Kd3 Be5 31. f4 Bf6 32. e4 e5 33. g3 Ke8 34. f5 Be7 35. Bd5 f6 36. Kc4 Kd7 37. b4 Kc7 38. Kb5 Bd8 39. a4 Kd7 40. c4 Kc7 41. a5 bxa5 42. Kxa5 Be7 43. c5 Bf8 44. Kb5 Be7 45. Kc4 Kc8 46. b5 Bf8 47. b6 Be7 48. Kb5 Bf8 49. c6 Bd6 50. Be6+ Kb8 51. Kc4 1-0

[Event "SVK-chT U18"]
[Site "Radava"]
[Date "2022.11.22"]
[Round "2.2"]
[White "Cizmar, Tomas"]
[Black "Mikova, Miriam"]
[Result "0-1"]
[WhiteElo "1376"]
[BlackElo "1688"]
[PlyCount "80"]
[EventDate "2022.11.21"]
[EventType "team-swiss"]
[EventRounds "7"]
[EventCountry "SVK"]
[SourceTitle "CBM 211 Extra"]
[Source "ChessBase"]
[SourceDate "2023.01.31"]
[SourceVersion "1"]
[SourceVersionDate "2023.01.31"]
[SourceQuality "1"]
[WhiteTeam "Bratislava Doprastav III"]
[BlackTeam "Liptov CS Zakamenne"]
[WhiteTeamCountry "SVK"]
[BlackTeamCountry "SVK"]

1. e4 c6 2. d4 d5 3. exd5 cxd5 4. Bd3 Nc6 5. c3 Nf6 6. Nf3 Bg4 7. Nbd2 e6 8. 0-0 Bd6 9. h3 Bh5 10. g4 Bg6 11. Bxg6 hxg6 12. Ng5 Qe7 13. f4 0-0-0 14. Ndf3 Ne4 15. Re1 f5 16. a4 Rh6 17. Kg2 Rdh8 18. a5 Nd8 19. Nxe4 fxe4 20. Ng5 Nf7 21. Rh1 Rh4 22. Nxf7 Qxf7 23. Qf1 Rf8 24. Qf2 g5 25. f5 Qf6 26. Rf1 Rfh8 27. fxe6 Rxh3 28. Qxf6 Rh2+ 29. Kg1 Rh1+ 30. Kf2 Rxf1+ 31. Kxf1 gxf6 32. Kg1 Rh4 33. Be3 Rxg4+ 34. Kf2 Rh4 35. Rg1 Rh2+ 36. Rg2 Rxg2+ 37. Kxg2 Bc7 38. b4 Kd8 39. c4 dxc4 40. d5 Bf4 0-1

[Event "SVK-ch U16/18 Girls"]
[Site "Stara Lubovna"]
[Date "2022.05.23"]
[Round "4"]
[White "Mikova, Miriam"]
[Black "Romanova, Ela"]
[Result "1-0"]
[WhiteElo "1799"]
[BlackElo "1632"]
[PlyCount "55"]
[EventDate "2022.05.21"]
[EventType "swiss"]
[EventRounds "9"]
[EventCountry "SVK"]
[SourceTitle "CBM 208 Extra"]
[Source "ChessBase"]
[SourceDate "2022.07.31"]
[SourceVersion "1"]
[SourceVersionDate "2022.07.31"]
[SourceQuality "1"]

1. d4 d5 2. c4 e6 3. Nc3 c6 4. Bf4 Bd6 5. Bxd6 Qxd6 6. e3 Nd7 7. Nf3 f5 8. Bd3 Ndf6 9. c5 Qc7 10. Ne5 Ne7 11. 0-0 0-0 12. b4 Bd7 13. a4 Be8 14. b5 Bh5 15. Qc2 g5 16. a5 f4 17. exf4 gxf4 18. b6 Qc8 19. bxa7 Nf5 20. Bxf5 exf5 21. f3 Nd7 22. Rfe1 Nxe5 23. Rxe5 Rxa7 24. Qd2 Qd8 25. Ne2 Rf7 26. Nxf4 Bg6 27. Rae1 Rf8 28. Ne6 1-0

[Event "SVK-ch U16/18 Girls"]
[Site "Stara Lubovna"]
[Date "2022.05.23"]
[Round "3"]
[White "Sosovickova, Jana"]
[Black "Mikova, Miriam"]
[Result "1-0"]
[WhiteElo "1896"]
[BlackElo "1799"]
[PlyCount "111"]
[EventDate "2022.05.21"]
[EventType "swiss"]
[EventRounds "9"]
[EventCountry "SVK"]
[SourceTitle "CBM 208 Extra"]
[Source "ChessBase"]
[SourceDate "2022.07.31"]
[SourceVersion "1"]
[SourceVersionDate "2022.07.31"]
[SourceQuality "1"]

1. e4 c6 2. d4 d5 3. Nc3 dxe4 4. Nxe4 Nf6 5. Nxf6+ exf6 6. c3 Bd6 7. Bd3 0-0 8. Qc2 Re8+ 9. Ne2 h5 10. Be3 Nd7 11. 0-0-0 Nf8 12. Kb1 Be6 13. c4 Rc8 14. h3 b5 15. c5 Be7 16. Nf4 Qa5 17. b3 h4 18. Rhg1 Qd8 19. g3 Bd5 20. Nxd5 Qxd5 21. Bf5 Ne6 22. gxh4 Bf8 23. Rg4 Kh8 24. h5 Rc7 25. Rdg1 a5 26. h6 g5 27. h4 Bxh6 28. hxg5 fxg5 29. Be4 Qd8 30. Rh1 Kg7 31. Bf5 Qd5 32. Rhg1 f6 33. Bh7 Nf8 34. Be4 Qe6 35. Bf5 Qd5 36. Bf4 Rce7 37. Be3 b4 38. R4g3 a4 39. Rh3 axb3 40. axb3 Nd7 41. Rgh1 Rh8 42. Kb2 Nf8 43. Ra1 Ne6 44. Bxe6 Qxe6 45. Rg3 g4 46. Qe2 f5 47. Bxh6+ Rxh6 48. Re3 g3 49. Rg1 Kf8 50. Rgxg3 f4 51. Rgf3 Qf6 52. Rxe7 Qxe7 53. Rxf4+ Rf6 54. Qxe7+ Kxe7 55. Rxf6 Kxf6 56. Kc2 1-0

[Event "SVK-ch U16/18 Girls"]
[Site "Stara Lubovna"]
[Date "2022.05.22"]
[Round "2"]
[White "Mikova, Miriam"]
[Black "Kapolkova, Greta"]
[Result "1/2-1/2"]
[WhiteElo "1799"]
[BlackElo "1644"]
[PlyCount "136"]
[EventDate "2022.05.21"]
[EventType "swiss"]
[EventRounds "9"]
[EventCountry "SVK"]
[SourceTitle "CBM 208 Extra"]
[Source "ChessBase"]
[SourceDate "2022.07.31"]
[SourceVersion "1"]
[SourceVersionDate "2022.07.31"]
[SourceQuality "1"]

1. d4 f5 2. c4 Nf6 3. Nc3 d6 4. Nf3 g6 5. e3 Bg7 6. Be2 0-0 7. 0-0 Kh8 8. b4 h6 9. Bb2 Nbd7 10. Qc2 e5 11. dxe5 Nxe5 12. Rfd1 Qe7 13. Nd5 Nxf3+ 14. Bxf3 Qf7 15. Rac1 Ne4 16. Nf4 Bxb2 17. Qxb2+ Kh7 18. c5 dxc5 19. bxc5 b6 20. cxb6 axb6 21. a3 Bb7 22. Qe5 c5 23. Qb2 c4 24. Qxb6 Rxa3 25. Qb4 Ra2 26. Qxc4 Nd2 27. Qxf7+ Rxf7 28. Bd5 Bxd5 29. Nxd5 Ne4 30. f3 Nf6 31. Nc3 Ra6 32. Rd8 Re6 33. Kf2 Rfe7 34. Nd1 Kg7 35. Rcc8 Re5 36. Rd3 Nd5 37. Rd8 Nf6 38. R8d6 Rb5 39. Ra6 Rc7 40. Rd2 Re5 41. Ke2 Nd5 42. Rd6 Nf6 43. Kf2 Rce7 44. Nc3 Re8 45. Rb2 R5e6 46. Rbd2 g5 47. Rxe6 Rxe6 48. Rd4 Rc6 49. Nd5 Rc2+ 50. Kg3 Re2 51. Ne7 f4+ 52. Kh3 fxe3 53. Rd3 Nh5 54. Rxe3 Nf4+ 55. Kg4 Rxg2+ 56. Kf5 Rxh2 57. Nc6 Ng6 58. Nd4 Nh4+ 59. Ke4 Ng2 60. Ra3 Rh4+ 61. Ke5 Rh1 62. Nf5+ Kf7 63. Ra7+ Ke8 64. Rh7 Re1+ 65. Kf6 Nf4 66. Ng7+ Kd8 67. Rxh6 Re3 68. Kxg5 Rxf3 1/2-1/2

[Event "SVK-chT2C 2122"]
[Site "Slovakia"]
[Date "2022.03.27"]
[Round "9.6"]
[White "Petras, Marian"]
[Black "Mikova, Miriam"]
[Result "1-0"]
[WhiteElo "2080"]
[BlackElo "1790"]
[PlyCount "51"]
[EventDate "2021.10.16"]
[EventType "team-tourn"]
[EventRounds "11"]
[EventCountry "SVK"]
[SourceTitle "EXT 2023"]
[Source "ChessBase"]
[SourceDate "2022.10.05"]
[SourceVersion "1"]
[SourceVersionDate "2022.10.05"]
[SourceQuality "1"]
[WhiteTeam "Ondrasova Krivan"]
[BlackTeam "Kysucke Nove Mesto"]
[WhiteTeamCountry "SVK"]
[BlackTeamCountry "SVK"]

1. e4 c6 2. c4 d5 3. exd5 cxd5 4. d4 Nf6 5. Nc3 e6 6. Nf3 Be7 7. Bd3 0-0 8. 0-0 b6 9. cxd5 Nxd5 10. Nxd5 Qxd5 11. Re1 Bb7 12. Qc2 Nc6 13. Bxh7+ Kh8 14. Be4 Qd6 15. Qc3 Qb4 16. Qe3 Kg8 17. a3 Qa5 18. Bd2 Qh5 19. Bc3 Bd6 20. Rad1 Nd8 21. d5 e5 22. Bxe5 Bxe5 23. Nxe5 f5 24. Bf3 Qe8 25. Qf4 Rf6 26. Ng4 1-0

[Event "SVK-chT2C 2122"]
[Site "Slovakia"]
[Date "2022.03.26"]
[Round "8.5"]
[White "Pekar, Karol"]
[Black "Mikova, Miriam"]
[Result "1/2-1/2"]
[WhiteElo "2092"]
[BlackElo "1790"]
[PlyCount "74"]
[EventDate "2021.10.16"]
[EventType "team-tourn"]
[EventRounds "11"]
[EventCountry "SVK"]
[SourceTitle "EXT 2023"]
[Source "ChessBase"]
[SourceDate "2022.10.05"]
[SourceVersion "1"]
[SourceVersionDate "2022.10.05"]
[SourceQuality "1"]
[WhiteTeam "Liptov Chess School III"]
[BlackTeam "Kysucke Nove Mesto"]
[WhiteTeamCountry "SVK"]
[BlackTeamCountry "SVK"]

1. e4 c6 2. d4 d5 3. e5 Bf5 4. Nc3 e6 5. g4 Bg6 6. h4 h5 7. Bd3 Bxd3 8. Qxd3 hxg4 9. Qg3 Nh6 10. Bxh6 Rxh6 11. Qxg4 g6 12. 0-0-0 Nd7 13. Nf3 Be7 14. Kb1 Qc7 15. Qf4 Rh7 16. Ng5 Bxg5 17. hxg5 Rxh1 18. Rxh1 Nf8 19. Qf6 Qe7 20. Ne2 Kd7 21. Nf4 Rc8 22. Nd3 b6 23. b4 Ke8 24. Rh8 Rb8 25. Kc1 Kd7 26. Kd2 Ke8 27. a4 Qc7 28. f4 Qe7 29. b5 Rc8 30. Qxe7+ Kxe7 31. Nb4 c5 32. Nc6+ Ke8 33. Kd3 c4+ 34. Ke3 a5 35. c3 Rc7 36. Nb8 Rb7 37. Nc6 Rc7 1/2-1/2

[Event "SVK-chT2C 2122"]
[Site "Slovakia"]
[Date "2021.10.17"]
[Round "2.6"]
[White "Gregor, Eduard"]
[Black "Mikova, Miriam"]
[Result "1-0"]
[WhiteElo "1929"]
[BlackElo "1737"]
[PlyCount "155"]
[EventDate "2021.10.16"]
[EventType "team-tourn"]
[EventRounds "11"]
[EventCountry "SVK"]
[SourceTitle "EXT 2023"]
[Source "ChessBase"]
[SourceDate "2022.10.05"]
[SourceVersion "1"]
[SourceVersionDate "2022.10.05"]
[SourceQuality "1"]
[WhiteTeam "Banska Bystrica Kurta"]
[BlackTeam "Kysucke Nove Mesto"]
[WhiteTeamCountry "SVK"]
[BlackTeamCountry "SVK"]

1. Nf3 Nf6 2. d4 e6 3. c4 b6 4. g3 Bb7 5. Bg2 c5 6. 0-0 Be7 7. Nc3 0-0 8. d5 exd5 9. cxd5 d6 10. a4 a6 11. Ne1 Re8 12. e4 Bf8 13. f3 Nbd7 14. Nc2 Qc7 15. Ne3 g6 16. Nc4 Ne5 17. Nxe5 Rxe5 18. Qc2 Bg7 19. Bf4 Ree8 20. Rae1 Nd7 21. Kh1 Ne5 22. Bc1 Rab8 23. f4 Nd7 24. Be3 Ba8 25. Rb1 b5 26. axb5 axb5 27. Bf2 b4 28. Nd1 Bb7 29. Ne3 Ba6 30. Rfc1 Nb6 31. b3 Nd7 32. Nc4 Bxc4 33. Qxc4 Qb6 34. g4 Rbc8 35. g5 Qb8 36. Bg3 Nb6 37. Qb5 Rc7 38. Re1 Rce7 39. Rbc1 Nd7 40. Qxb8 Nxb8 41. Red1 Rc7 42. Be1 Na6 43. Bg3 Rd7 44. Re1 Nc7 45. e5 dxe5 46. Rxc5 exf4 47. Rxe8+ Nxe8 48. Bxf4 Bf8 49. Rb5 Ng7 50. Bh3 Nf5 51. Bxf5 gxf5 52. d6 Rd8 53. Rxb4 Bxd6 54. Rd4 Bc7 55. Rxd8+ Bxd8 56. Kg2 Kg7 57. Kf3 f6 58. gxf6+ Kxf6 59. h3 Bb6 60. Be3 Bc7 61. b4 Kg6 62. b5 Kh5 63. b6 Bxb6 64. Bxb6 Kh4 65. Kg2 Kh5 66. Bf2 h6 67. Kf3 Kg5 68. Bg3 Kg6 69. Kf4 Kh5 70. Ke5 Kg5 71. Kd4 h5 72. Kd3 f4 73. Bf2 Kf5 74. Bh4 Ke5 75. Ke2 Ke4 76. Kf2 Kf5 77. Kf3 Ke5 78. Bg5 1-0

[Event "SVK-ch U16 Girls rapid"]
[Site "Nitra"]
[Date "2021.09.11"]
[Round "4"]
[White "Sevcikova, Lucia"]
[Black "Mikova, Miriam"]
[Result "0-1"]
[WhiteElo "1808"]
[BlackElo "1556"]
[PlyCount "60"]
[EventDate "2021.09.11"]
[EventType "swiss (rapid)"]
[EventRounds "7"]
[EventCountry "SVK"]
[SourceTitle "EXT 2023"]
[Source "ChessBase"]
[SourceDate "2022.10.05"]
[SourceVersion "1"]
[SourceVersionDate "2022.10.05"]
[SourceQuality "1"]

1. d4 Nf6 2. c4 e6 3. Nc3 Bb4 4. Qc2 b6 5. f3 c5 6. e3 0-0 7. Bd2 cxd4 8. exd4 Bb7 9. Bd3 h6 10. Ne4 Bxd2+ 11. Qxd2 d5 12. Nxf6+ Qxf6 13. Ne2 dxc4 14. Bxc4 Ba6 15. Bxa6 Nxa6 16. 0-0 Rad8 17. Rfd1 Nc7 18. Rac1 Rd7 19. Qe3 Rfd8 20. a4 e5 21. Rc4 Ne6 22. d5 Rxd5 23. Rxd5 Rxd5 24. Nc3 Rc5 25. Rxc5 Nxc5 26. b4 Nd7 27. Qd3 Qe6 28. Nb5 a5 29. bxa5 bxa5 30. Qc3 Qb6+ 0-1

[Event "SVK-ch Amateurs"]
[Site "Topolcany"]
[Date "2021.08.09"]
[Round "7"]
[White "Koloditsova, Renata"]
[Black "Mikova, Miriam"]
[Result "1-0"]
[WhiteElo "1937"]
[BlackElo "1615"]
[PlyCount "115"]
[EventDate "2021.08.06"]
[EventType "swiss"]
[EventRounds "7"]
[EventCountry "SVK"]
[SourceTitle "EXT 2022"]
[Source "ChessBase"]
[SourceDate "2021.10.06"]
[SourceVersion "1"]
[SourceVersionDate "2021.10.06"]
[SourceQuality "1"]

1. d4 Nf6 2. g3 d5 3. Bg2 Bf5 4. Nf3 h6 5. c4 e6 6. 0-0 Be7 7. Qb3 Nc6 8. Nc3 Rb8 9. cxd5 exd5 10. Bf4 Nh5 11. Nxd5 Nxf4 12. Nxf4 0-0 13. d5 Na5 14. Qa4 b6 15. e4 Qd7 16. Qc2 Bh7 17. Qe2 c6 18. Rfd1 cxd5 19. Nxd5 Qb7 20. Rac1 Rbc8 21. Bh3 Rxc1 22. Rxc1 Bd6 23. b4 Nc6 24. Qc4 Ne7 25. Rd1 Nxd5 26. Rxd5 Rd8 27. Qd4 Qe7 28. e5 Bc7 29. e6 fxe6 30. Rxd8+ Qxd8 31. Bxe6+ Kf8 32. Bd7 Qe7 33. Bc6 Qd6 34. Qd5 Qxd5 35. Bxd5 a5 36. bxa5 bxa5 37. Nd4 Bg8 38. Bxg8 Kxg8 39. Kf1 Kf7 40. Ke2 Kf6 41. f4 Bb6 42. Kd3 g5 43. a4 gxf4 44. gxf4 Bc7 45. Ke4 h5 46. h3 Bb6 47. Ne2 Bf2 48. Nc3 Bc5 49. Nd5+ Kg6 50. Ke5 Ba3 51. Ke6 Kg7 52. f5 Bf8 53. Ne7 h4 54. f6+ Kh7 55. Kf7 Bh6 56. Nf5 Bg5 57. Nd4 Bd2 58. Ke8 1-0

[Event "SVK-ch Amateurs"]
[Site "Topolcany"]
[Date "2021.08.06"]
[Round "1"]
[White "Matejov, Jaroslav"]
[Black "Mikova, Miriam"]
[Result "1-0"]
[WhiteElo "2020"]
[BlackElo "1615"]
[PlyCount "65"]
[EventDate "2021.08.06"]
[EventType "swiss"]
[EventRounds "7"]
[EventCountry "SVK"]
[SourceTitle "EXT 2022"]
[Source "ChessBase"]
[SourceDate "2021.10.06"]
[SourceVersion "1"]
[SourceVersionDate "2021.10.06"]
[SourceQuality "1"]

1. e4 c6 2. d4 d5 3. Nc3 dxe4 4. Nxe4 Nf6 5. Ng3 h5 6. h4 Qc7 7. Bd3 g6 8. N1e2 Bg7 9. c3 Nbd7 10. Qc2 0-0 11. Bg5 Nd5 12. 0-0-0 f5 13. Rde1 e5 14. Bc4 e4 15. Nf4 Qd6 16. f3 Kh7 17. Nfxh5 gxh5 18. Nxh5 N7f6 19. Nxf6+ Nxf6 20. g4 b5 21. Bb3 exf3 22. gxf5 Kh8 23. Be6 Bb7 24. h5 Nh7 25. Qd2 f2 26. Ref1 c5 27. Bf4 Qe7 28. d5 Qf6 29. h6 Rf7 30. Bxf7 Qxf7 31. hxg7+ Qxg7 32. Rxf2 Rg8 33. Rxh7+ 1-0

[Event "SVK-ch U16/20 Girls"]
[Site "Stara Lubovna"]
[Date "2021.06.27"]
[Round "2"]
[White "Romanova, Ela"]
[Black "Mikova, Miriam"]
[Result "0-1"]
[WhiteElo "1549"]
[BlackElo "1552"]
[PlyCount "82"]
[EventDate "2021.06.26"]
[EventType "swiss"]
[EventRounds "9"]
[EventCountry "SVK"]
[SourceTitle "CBM 203 Extra"]
[Source "ChessBase"]
[SourceDate "2021.09.30"]
[SourceVersion "1"]
[SourceVersionDate "2021.09.30"]
[SourceQuality "1"]

1. e4 c6 2. d4 d5 3. f3 dxe4 4. fxe4 e5 5. Nf3 Bg4 6. dxe5 Qxd1+ 7. Kxd1 Nd7 8. Bf4 0-0-0 9. Bd3 Ne7 10. Nbd2 Ng6 11. Bg5 Be7 12. Bxe7 Nxe7 13. Kc1 Ng6 14. h3 Bxf3 15. Nxf3 Ndxe5 16. Nxe5 Nxe5 17. Rd1 Rd4 18. b3 Rhd8 19. Be2 Rxe4 20. Rxd8+ Kxd8 21. Kd2 Rd4+ 22. Ke3 Rd6 23. a4 Ke7 24. b4 a6 25. b5 axb5 26. axb5 c5 27. Ra7 Rd7 28. b6 Kd6 29. Bb5 Nc6 30. Ra8 Re7+ 31. Kd2 Ne5 32. Rg8 g6 33. Rh8 h5 34. Rf8 Nd7 35. Rd8 Ke6 36. Bxd7+ Rxd7+ 37. Rxd7 Kxd7 38. Kc3 Kc6 39. Kc4 Kxb6 40. Kd5 Kb5 41. c4+ Kb4 0-1

[Event "SVK-ch U20 Girls"]
[Site "Lubovna"]
[Date "2020.08.21"]
[Round "8"]
[White "Mikova, Miriam"]
[Black "Fajtakova, Silvia"]
[Result "1-0"]
[WhiteElo "1475"]
[BlackElo "1509"]
[PlyCount "145"]
[EventDate "2020.08.15"]
[EventType "swiss"]
[EventRounds "9"]
[EventCountry "SVK"]
[SourceTitle "EXT 2021"]
[Source "ChessBase"]
[SourceDate "2020.10.23"]
[SourceVersion "1"]
[SourceVersionDate "2020.10.23"]
[SourceQuality "1"]

1. e4 e5 2. f4 d6 3. Nf3 Nd7 4. Bc4 Ngf6 5. Nc3 h6 6. d3 Be7 7. 0-0 b6 8. fxe5 Nxe5 9. Nxe5 dxe5 10. Be3 Bb7 11. a4 a6 12. Qf3 0-0 13. Qg3 Kh7 14. Qxe5 Bc8 15. Qf4 Ng4 16. Bf2 Nxf2 17. Kxf2 Bg5 18. Qf3 Qd4+ 19. Ke1 f5 20. Qe2 f4 21. Qf3 Bd7 22. e5 Bf5 23. Bd5 Qxe5+ 24. Be4 Kh8 25. Kd1 Rae8 26. Rb1 Qe6 27. Bxf5 Qxf5 28. Ne4 Rf7 29. Ke2 Qc5 30. Kd1 Qa5 31. b3 Bd8 32. Qe2 Qf5 33. Rf3 Qd7 34. Ke1 Bh4+ 35. Kd1 Rf5 36. Qd2 Qf7 37. Ke2 Qg6 38. Kd1 Ref8 39. Qe2 Qf7 40. Qf1 Qh5 41. Qe2 Bd8 42. Kd2 Qxh2 43. Rh3 f3 44. Rxh2 fxe2 45. Kxe2 Re5 46. Rhh1 Re6 47. Rbf1 Rfe8 48. Rf7 Rg6 49. Rf2 Bf6 50. Kd1 Bd4 51. Re2 Rf8 52. c3 Be5 53. d4 Rd8 54. Kc2 Bf6 55. Rf1 Be7 56. Rf7 Re6 57. Ng3 Rxe2+ 58. Nxe2 Bd6 59. c4 Kg8 60. Rf3 Re8 61. Kd3 Re6 62. g3 Rf6 63. Rxf6 gxf6 64. Ke4 Kg7 65. Kd5 Kg6 66. c5 bxc5 67. dxc5 Be5 68. Kc6 Kg5 69. Kb7 Kg4 70. Kxa6 Kf3 71. Kb7 Kxe2 72. a5 Bd4 73. Kc6 1-0

[Event "SVK-ch U20 Girls"]
[Site "Lubovna"]
[Date "2020.08.19"]
[Round "6"]
[White "Mikova, Miriam"]
[Black "Simonova, Stela"]
[Result "1/2-1/2"]
[WhiteElo "1475"]
[BlackElo "1714"]
[PlyCount "49"]
[EventDate "2020.08.15"]
[EventType "swiss"]
[EventRounds "9"]
[EventCountry "SVK"]
[SourceTitle "EXT 2021"]
[Source "ChessBase"]
[SourceDate "2020.10.23"]
[SourceVersion "1"]
[SourceVersionDate "2020.10.23"]
[SourceQuality "1"]

1. d4 Nf6 2. c4 e6 3. Nc3 d5 4. Bf4 Bd6 5. Bg3 c6 6. e3 Qc7 7. cxd5 exd5 8. Nf3 Bg4 9. Be2 Nbd7 10. Rc1 Qb8 11. Bxd6 Qxd6 12. 0-0 0-0 13. a3 Rfe8 14. b4 a5 15. b5 Qxa3 16. bxc6 bxc6 17. Na4 Qd6 18. Nd2 Bxe2 19. Qxe2 Reb8 20. Rb1 Rb4 21. Ra1 h6 22. Rfc1 Rb5 23. Nc3 Rb7 24. Na4 Kh8 25. Qd3 1/2-1/2